| 000 | 01822nam0a2200373 4500 | ||
|---|---|---|---|
| 001 | RU\NLR\bibl\1434350 | ||
| 005 | 20250615222639.0 | ||
| 010 |
_a978-5-98277-095-0 _9300 |
||
| 021 |
_aRU _b2009-71821 _94459 |
||
| 035 | _a(nilc)RSL-KNO-004380508 | ||
| 035 | _a(NLR Aleph) 001426241 | ||
| 090 |
_a1374006 _c1374006 |
||
| 100 | _a20090827d2009 |||y0rusy50 ca | ||
| 101 | 0 | _arus | |
| 102 | _aRU | ||
| 105 | _aa zzzz||||| | ||
| 200 | 1 |
_aЭффективность торакальной эпидуральной аналгезии у больных инфарктом миокарда _fВ. Н. Тумак _gГОУ ДПО "Иркутский гос. ин-т усовершенствования врачей" Федерального агентства по здравоохранению и социальному развитию, МУЗ "Гор. клиническая сбольница № 10 г. Иркутска" |
|
| 205 | _aИзд. 2-е, испр., доп. | ||
| 210 |
_aИркутск _cНЦ РВЧ ВСНЦ СО РАМН _d2009 |
||
| 215 |
_a151 с. _cил., табл. _d21 |
||
| 320 | _aБиблиогр.: с. 132-151 (228 назв.) | ||
| 606 | 1 |
_aБолевой синдром при инфаркте миокарда _xЭпидуральная анестезия _92504128 _3RU\NLR\auth\661484977 |
|
| 610 | 0 | _aторакальная эпидуральная аналгезия при инфаркте миокарда | |
| 686 |
_aР410.140.45-324,0 _2rubbk |
||
| 686 | _aР410.140.45-32 | ||
| 686 | _aР457.365.014.045 | ||
| 700 | 1 |
_aТумак _bВ. Н. _gВладимир Николаевич _4070 |
|
| 801 | 0 |
_aRU _bРКП _c20090827 _grcr |
|
| 801 | 1 |
_aRU _bРГБ _c20090827 |
|
| 801 | 2 |
_aRU _bNLR _c20091106 _grcr |
|
| 830 | _aавт. по кн. | ||
| 942 | _cBOOK | ||
| 980 | _aNB | ||